[Event "EICC 2019"]
[Site "Skopia"]
[Date "2019.03.27"]
[Round "9.7"]
[White "Lysyj, Igor"]
[Black "Pantsulaia, Levan"]
[Result "1/2-1/2"]
[WhiteElo "2635"]
[BlackElo "2611"]
[Annotator "TA"]
[PlyCount "148"]
[EventDate "2019.03.18"]
[EventType "swiss"]
[EventCountry "MKD"]
[SourceTitle "playchess.com"]
[Source "ChessBase"]
[SourceQuality "1"]

{[%evp 19,148,53,46,51,53,48,42,39,29,33,79,66,69,81,66,64,93,100,89,85,104,111,108,110,207,210,202,192,225,100,100,97,101,107,91,94,103,94,93,100,100,93,113,82,52,35,101,118,93,93,175,179,183,175,188,116,185,185,185,185,185,185,204,186,199,199,253,252,254,247,244,235,227,235,234,141,208,192,192,0,219,0,198,191,175,39,62,8,9,0,0,0,0,0,0,0,0,0,0,0,0,0,0,0,0,0,0,0,0,0,0,0,0,0,0,0,0,0,0,0,0,0,0,0,0,0,0,0,0,0,0]} 1. d4 Nf6 2. c4 c5 3. d5 g6 4. Nc3 Bg7 5. e4 d6 6. Nf3 O-O 7. Be2 e6 8. O-O exd5 9. exd5 Re8 10. h3 Bf5 11. Re1 {E91: King's Indian: Classical: 6 Be2, unusual replies including 6...c5 and 6...Bg4} (11. Bd3 Ne4 12. Nxe4 Bxe4 13. Bxe4 Rxe4 14. Qc2 Re8 15. Bf4 Qc7 16. Ng5 Nd7 17. Ne4 Ne5 18. Rae1 h6 {½-½ (44) Meier,G (2644)-Smirin,I (2644) Jerusalem 2017}) 11... Na6 12. g4 Bd7 13. Bg5 $146 {[%cal Bc1g5,Bg5h4,Bh4g3,Bg3d6][%mdl 32] White is slightly better.} ({Predecessor:} 13. Bf1 Qb6 14. Nb5 Nb4 15. a3 Rxe1 16. Nxe1 Nbxd5 17. g5 Bxb5 18. cxb5 {1-0 (46) Cakan,C (1956)-Bochev,K (2132) Albena 2017}) 13... h6 14. Bh4 Qb6 15. Qd2 Ne4 16. Nxe4 Rxe4 17. Bd3 Ree8 18. Bg3 Nb4 19. Bf1 a5 20. a3 Na6 21. Qf4 g5 (21... Bf8 $16 {was worth a try.}) 22. Qxd6 $18 Qxd6 23. Bxd6 Bxb2 24. Ra2 (24. Rab1 $18 {is more deadly.} Bxa3 25. Rxb7 Rxe1 26. Nxe1) 24... Rxe1 $16 25. Nxe1 Bc3 26. Nd3 Bd4 27. Be5 b6 28. Bxd4 cxd4 29. Rb2 Rb8 30. Kg2 Kf8 31. Kf3 f5 32. Ne5 Ke7 (32... Nc5 $1 $14) 33. gxf5 {Threatens to win with f6+!} Nc5 34. Rd2 $36 {[%mdl 2048] White has strong initiative.} Rb7 (34... Kf6 $16 35. Nxd7+ Nxd7) 35. Nxd7 $18 Rxd7 36. Rxd4 {[%mdl 4096] Endgame KRB-KRN} Kf6 {[#]} 37. h4 (37. Bd3 $1 $18) 37... Ke5 (37... Kxf5 $16 38. hxg5 hxg5) 38. Ke3 Kf6 39. hxg5+ hxg5 40. f3 Re7+ 41. Kf2 Rh7 42. Rd1 Rh2+ (42... Kxf5 $142 43. Kg3 Ke5) 43. Kg3 Rh7 44. Rb1 Nd7 45. Bd3 Rh4 46. Be4 Ke5 47. Rb5 Rf4 (47... Rh1 $16 48. Rb1 Rxb1 49. Bxb1 Kf6) 48. Rb2 Rh4 49. Rb5 Rf4 $1 50. Rb1 Rh4 51. Re1 Kd6 52. f6 (52. a4 $18) 52... Rf4 $1 $14 53. f7 ({White should try} 53. Rb1 $14) 53... Rxf7 $11 {The position is equal.} 54. Bd3 Ne5 55. Be2 Kc5 56. Rb1 Rf6 57. a4 Kd4 58. Re1 Rf4 59. d6 Rf6 60. d7 Nxd7 61. Rd1+ $1 Ke3 {Hoping for ...Nc5.} 62. Rxd7 Kxe2 {KR-KR} 63. Re7+ $1 Kd3 64. Re5 Kxc4 {...Kb3 is the strong threat.} 65. Rxg5 Kb3 66. Rg4 {[#]} b5 $1 {[%mdl 512]} 67. axb5 a4 68. Re4 a3 69. Re3+ Kb4 70. f4 Rg6+ 71. Kh4 Rg1 72. b6 a2 73. b7 Rg8 74. Re1 Rb8 {Precision: White = 68%, Black = 60%.} 1/2-1/2

[Event "EICC 2019"]
[Site "Skopia"]
[Date "2019.03.27"]
[Round "9.8"]
[White "Ter-Sahakyan, Samvel"]
[Black "Gledura, Benjamin"]
[Result "1/2-1/2"]
[WhiteElo "2590"]
[BlackElo "2630"]
[Annotator "TA"]
[PlyCount "122"]
[EventDate "2019.03.18"]
[EventType "swiss"]
[EventCountry "MKD"]
[SourceTitle "playchess.com"]
[Source "ChessBase"]
[SourceQuality "1"]

{[%evp 19,122,0,0,0,8,19,23,18,23,8,12,30,29,25,21,27,26,5,23,26,48,0,54,54,34,43,45,0,68,67,43,55,78,68,85,71,66,75,93,92,73,65,153,164,143,139,156,151,52,0,6,0,0,0,0,0,0,0,2,-21,-22,-24,-24,-24,-24,-35,0,-12,0,0,0,-23,-22,-27,-12,-12,0,0,0,0,0,0,0,0,0,0,0,0,0,0,0,0,0,0,0,0,0,0,0,0,0,0,0,0,0]} 1. e4 c5 2. Nf3 Nc6 3. d4 cxd4 4. Nxd4 Nf6 5. Nc3 e5 6. Ndb5 d6 7. Nd5 Nxd5 8. exd5 Nb8 9. a4 Be7 10. Be2 O-O 11. O-O {B33: Sicilian: Pelikan and Sveshnikov Variations} Nd7 12. Bd2 f5 13. a5 {White has an edge.} a6 14. Na3 e4 15. Nc4 Ne5 16. Nb6 Rb8 17. f4 exf3 18. Bxf3 {[#]} Bg5 $146 ({Predecessor:} 18... g5) 19. c4 Qf6 20. Ra3 (20. c5 $5) 20... Qh6 (20... f4 $11) 21. Bxg5 $14 Qxg5 22. c5 f4 $1 23. cxd6 Qf6 (23... Nxf3+ $11 24. Qxf3 Bg4) 24. Rc3 Qxd6 25. Qd4 Bf5 26. Nc4 Nxc4 27. Rxc4 Bd7 {Black wants to play ...Bb5.} 28. Qc5 Qxc5+ 29. Rxc5 b6 30. Rc7 Bb5 {[#]} (30... Rfd8 $1 $14) 31. Re1 $1 $16 Rbe8 32. Rxe8 Rxe8 {[%mdl 4096] Endgame [#] KRB-KRB} 33. Kf2 $1 bxa5 34. Bg4 {With the idea Be6+.} (34. Bh5 $5 {[%cal Rh5e8]} Rb8 35. Kf3 $14) 34... Kf8 35. Be6 Re7 $1 {[%cal Re7c7]} 36. Rc8+ Re8 37. Rc7 Re7 $1 {[%cal Re7c7]} 38. Rc8+ Re8 39. Rc3 Ke7 40. Rc7+ Kd6 41. Rxg7 Rb8 42. Kf3 Ba4 43. Kxf4 Rxb2 44. Rxh7 Bb5 45. Rh6 a4 {[%cal Ba5a4,Ba4a3][%mdl 32] Threatens to win with ...a3.} 46. Bc8+ Kc5 47. Bxa6 {The position is equal.} a3 48. Bxb5 $11 {KRB-KR} a2 (48... Kxb5 $5 49. Rh8 $8 a2 50. Rb8+ Kc5 $11) 49. Ra6 {And now Bd3 would win.} Kxb5 {KR-KR} 50. Ra3 $1 Rb4+ 51. Ke5 Ra4 52. Rxa2 $1 Rxa2 {KR-K3P} 53. g4 Kc5 54. g5 Re2+ 55. Kf6 $1 Kd6 56. h4 Rf2+ 57. Kg7 Rf5 58. Kg6 Rxd5 59. Kf6 $1 Kd7 60. h5 $1 {[%cal Rh5h6] h6 is the strong threat.} Ke8 61. h6 {Black must now prevent h7.} Rxg5 {Accuracy: White = 80%, Black = 57%.} (61... Rd7 $5 62. g6 $8 Rd6+ 63. Kg7 Rd7+ 64. Kg8 Rd6 $11) 1/2-1/2

[Event "EICC 2019"]
[Site "Skopia"]
[Date "2019.03.27"]
[Round "9.9"]
[White "Aleksandrov, Aleksej"]
[Black "Bosiocic, Marin"]
[Result "1/2-1/2"]
[WhiteElo "2574"]
[BlackElo "2614"]
[Annotator "TA"]
[PlyCount "54"]
[EventDate "2019.03.18"]
[EventType "swiss"]
[EventCountry "MKD"]
[SourceTitle "playchess.com"]
[Source "ChessBase"]
[SourceQuality "1"]

{[%evp 19,54,20,26,26,32,0,0,0,0,0,0,-10,-3,-24,-24,-38,-34,-35,-33,-41,-33,-41,0,-5,0,12,13,19,35,37,43,3,14,12,6,0,0]} 1. d4 Nf6 2. c4 e6 3. Nc3 Bb4 4. e3 O-O 5. Bd2 d5 6. Nf3 b6 7. Rc1 a6 8. cxd5 exd5 9. Bd3 Bb7 10. O-O Bd6 11. Ne5 {E52: Nimzo-Indian: Rubinstein: 4...0-0 5 Nf3 d5 6 Bd3 b6} c5 12. Be1 (12. f4 Nc6 13. Ne2 Ne7 14. Be1 Ne4 15. Ng3 cxd4 16. exd4 b5 17. Kh1 f6 18. Ng4 Qd7 {0-1 (38) Duda,J (2717)-Zhigalko,S (2641) Katowice 2017}) 12... Nc6 13. f4 cxd4 14. Nxc6 Bxc6 15. Ne2 Bd7 16. Nxd4 Re8 17. Qb3 $146 ({Predecessor:} 17. Bh4 Rxe3 18. Kh1 Re8 {0-1 (48) Valenzuela Gomez,F (2389)-Epishin,V (2541) Gijon 2018}) 17... Qe7 18. Rf3 Bg4 19. Rg3 Bc5 20. Bd2 Qd7 {White should prevent ...Nh5.} 21. h3 Bxd4 22. exd4 Bf5 23. Qxb6 Bxd3 24. Qxf6 $1 {[%csl Gg3][%cal Rf6g7] [#]} ({Of course not} 24. Rxd3 Reb8 $11) 24... Bg6 25. Qg5 Re2 {Hoping for ...h6.The position is equal.} 26. Bc3 Rae8 27. Rf1 f6 {Accuracy: White = 54%, Black = 59%.} 1/2-1/2

[Event "EICC 2019"]
[Site "Skopia"]
[Date "2019.03.27"]
[Round "9.10"]
[White "Christiansen, Johan-Sebastian"]
[Black "Tomashevsky, Evgeny"]
[Result "1/2-1/2"]
[WhiteElo "2539"]
[BlackElo "2705"]
[Annotator "TA"]
[PlyCount "36"]
[EventDate "2019.03.18"]
[EventType "swiss"]
[EventCountry "MKD"]
[SourceTitle "playchess.com"]
[Source "ChessBase"]
[SourceQuality "1"]

{[%evp 17,18,3,0]} 1. e4 e5 2. Nf3 Nc6 3. Nc3 Nf6 4. Bb5 Bb4 5. O-O O-O 6. Bxc6 dxc6 7. Nxe5 Re8 8. Nd3 Bxc3 9. dxc3 Nxe4 {Predecessor:} 10. Qf3 $146 Qf6 11. Qf4 Qxf4 12. Bxf4 Nd6 13. Rfe1 Bf5 14. f3 f6 15. g4 Bg6 16. Kf2 Nc4 17. b3 Na3 18. Rxe8+ Rxe8 {½-½ (28) Popov,I (2627)-Kamsky,G (2740) Moscow 2013} 1/2-1/2

[Event "EICC 2019"]
[Site "Skopia"]
[Date "2019.03.27"]
[Round "9.11"]
[White "Ragger, Markus"]
[Black "Bluebaum, Matthias"]
[Result "1/2-1/2"]
[WhiteElo "2696"]
[BlackElo "2616"]
[Annotator "TA"]
[PlyCount "37"]
[EventDate "2019.03.18"]
[EventType "swiss"]
[EventCountry "MKD"]
[SourceTitle "playchess.com"]
[Source "ChessBase"]
[SourceQuality "1"]

{[%evp 11,37,20,20,0,0,0,0,0,33,12,26,12,32,21,21,25,42,26,34,37,45,0,0,0,0,-7,0,0]} 1. e4 e6 2. d4 d5 3. Nd2 c5 4. Ngf3 cxd4 5. Nxd4 Nf6 6. exd5 Nxd5 7. Ne4 {C07: French Tarrasch: 3...c5, 4 Ngf3 and 4 exd5 Qxd5} Be7 8. Bc4 O-O 9. O-O a6 (9... Nd7 10. Qe2 Nc5 11. Rd1 a6 12. Nf5 exf5 13. Nxc5 Bxc5 14. Bxd5 Qb6 {1-0 (52) Kovalev,V (2664)-Gupta,A (2588) Douglas 2018}) 10. c3 Nf6 $146 ({Predecessor:} 10... b5 11. Bd3 e5 12. Nb3 {1-0 (50) Schulz,J (2156)-Wiebe,P (2248) Germany 2011}) 11. Qf3 Nbd7 12. Nxf6+ Bxf6 13. Bb3 Qc7 14. Rd1 Nc5 15. Bc2 $1 Bd7 16. Nb3 Nxb3 {The position is equal.} 17. axb3 {Strongly threatening Qd3.} Bc6 18. Qg4 g6 19. Bg5 {Accuracy: White = 47%, Black = 47%.} 1/2-1/2

[Event "EICC 2019"]
[Site "Skopia"]
[Date "2019.03.27"]
[Round "9.12"]
[White "Paravyan, David"]
[Black "Cheparinov, Ivan"]
[Result "0-1"]
[WhiteElo "2627"]
[BlackElo "2683"]
[Annotator "TA"]
[PlyCount "84"]
[EventDate "2019.03.18"]
[EventType "swiss"]
[EventCountry "MKD"]
[SourceTitle "playchess.com"]
[Source "ChessBase"]
[SourceQuality "1"]

{[%evp 11,84,7,6,9,24,-6,-1,-9,15,12,13,3,5,-23,-20,-43,-38,-70,-57,-76,-86,-56,-58,-55,0,-89,-83,-85,-90,-145,-110,-184,-166,-166,-124,-124,-136,-125,-129,-233,-237,-231,-217,-281,-268,-281,-290,-288,-287,-264,-254,-264,-170,-170,-170,-170,-170,-244,-242,-272,-267,-278,-271,-271,-255,-432,-432,-426,-420,-405,-377,-462,-436,-574,-570]} 1. e4 c5 2. Nf3 d6 3. Bb5+ Nd7 4. O-O a6 5. Be2 Ngf6 6. d3 {B51: Sicilian: Moscow Variation (3 Bb5+) without 3...Bd7} e6 {LiveBook: 5 Games} (6... g6 7. c4 b6 8. Nc3 Bb7 9. Rb1 Bg7 10. b4 Rb8 11. bxc5 bxc5 12. Qa4 O-O 13. Rb3 e6 {½-½ (41) Antipov,M (2576)-Grandelius,N (2649) Gjakova 2016}) 7. a4 b6 8. Ng5 $146 {White has an edge.} ({Predecessor:} 8. Bf4 Be7 9. Na3 O-O 10. h3 Bb7 11. Bh2 Qc7 12. Nc4 b5 13. Ne3 Rfe8 {0-1 (41) Stushkin,I (2393)-Evtushenko,S (2546) ICCF email 2016}) 8... h6 9. Nh3 d5 10. exd5 Nxd5 11. Bf3 {And now Re1 would win.} Ra7 12. Bxd5 exd5 13. Re1+ Be7 14. Qg4 Kf8 15. Nc3 Nf6 16. Qd1 Bg4 17. Qd2 Qd7 (17... Bxh3 $15 18. gxh3 Bd6) 18. d4 (18. Nf4 $11 {keeps the balance.}) 18... Bxh3 19. gxh3 Qxh3 {White must now prevent ...Bd6.} 20. Qf4 (20. Qd3 $142 Qxd3 21. cxd3) 20... g5 21. Re3 (21. Qg3 $17 Qxg3+ 22. hxg3) 21... Qd7 $1 $19 ({Resist} 21... gxf4 22. Rxh3 cxd4 23. Ne2 $15) 22. Qe5 Rb7 23. Rf3 Qg4+ 24. Rg3 Qxd4 25. Qf5 (25. Qxd4 $17 cxd4 26. Ne2) 25... Rd7 26. Rd3 {[#]} Qh4 $1 27. a5 b5 28. Nxd5 Rxd5 29. Rxd5 Nxd5 30. Qxd5 Qg4+ 31. Kh1 Qd4 $40 {[%mdl 128] Black goes for the king.} 32. Qf5 Qf6 33. Qxf6 Bxf6 {[%mdl 4096] Endgame KRB-KRB} 34. Be3 (34. Kg2 $142) 34... Bxb2 35. Rd1 {[#]} Bd4 $1 36. Bxd4 cxd4 37. Rxd4 {KR-KR} Ke7 38. c4 $2 (38. Re4+ {was called for.} Kd6 39. Rd4+ Ke5 40. Rd3) 38... Rd8 39. Re4+ Kd6 40. cxb5 axb5 41. Rd4+ Kc7 42. Re4 Kb7 {Precision: White = 39%, Black = 92%.} 0-1

[Event "EICC 2019"]
[Site "Skopia"]
[Date "2019.03.27"]
[Round "9.13"]
[White "Nisipeanu, Liviu-Dieter"]
[Black "Predke, Alexandr"]
[Result "1-0"]
[WhiteElo "2670"]
[BlackElo "2611"]
[Annotator "TA"]
[PlyCount "75"]
[EventDate "2019.03.18"]
[EventType "swiss"]
[EventCountry "MKD"]
[SourceTitle "playchess.com"]
[Source "ChessBase"]
[SourceQuality "1"]

{[%evp 20,75,30,35,35,20,21,19,19,11,50,43,35,41,44,51,118,129,120,135,129,128,138,129,143,107,202,37,118,113,164,141,402,384,365,369,344,318,466,456,360,274,499,464,759,613,735,389,367,391,359,386,363,376,377,389,603,600]} 1. e4 e5 2. Nf3 Nc6 3. Bb5 Nf6 4. d3 d6 5. O-O Be7 6. c3 O-O 7. Nbd2 a6 8. Ba4 b5 9. Bc2 Re8 10. Re1 Bf8 11. h3 Bb7 {C87: Closed Ruy Lopez: Steinitz-type lines after 6 Re1 d6} 12. Nf1 h6 13. Ng3 d5 {The position is equal.} 14. Qe2 (14. Nh2 dxe4 15. dxe4 Qxd1 16. Rxd1 Red8 17. Ng4 Nxg4 18. hxg4 Rxd1+ 19. Bxd1 {½-½ (48) L'Ami,E (2643)-Chigaev,M (2604) Wijk aan Zee 2019}) 14... g6 15. h4 dxe4 $146 ({Predecessor:} 15... h5 16. Ng5 Bg7 17. Qf3 {0-1 (44) Dutton,I (2183)-Kett,T (2210) Blackpool 2017}) 16. dxe4 Na5 {[#]} 17. h5 $1 {[%mdl 512]} c5 (17... Nxh5 $14 18. Nxh5 gxh5) 18. hxg6 $16 fxg6 19. Nh4 $1 {[%cal Rh4g6]} Kh7 {[#]} 20. f4 $1 {[%cal Bf2f4,Bf4f5][%mdl 32]} c4 21. f5 Bc5+ 22. Kh1 g5 (22... Nxe4 $16 {was worth a try.} 23. fxg6+ Kh8 24. g7+ Kg8 25. Qxe4 Bxe4 26. Rxe4 Re6) 23. Nf3 $2 ({Better is} 23. Rd1 $18 Qc7 24. Nh5) 23... Qb6 (23... Qe7 $14) 24. Rf1 {[%cal Be1f1,Bf1f3,Bf3h3][%mdl 32]} Nc6 (24... Rac8 $16) 25. Nh5 Ne7 $2 {[%mdl 8192] [#]} (25... Nb8 $16) 26. Nxg5+ $1 $18 {[%mdl 512]} hxg5 27. Bxg5 Neg8 {[#]} 28. Rf3 $1 {[%cal Rf3h3]} Kh8 (28... Nxh5 $2 29. Rh3 $18) (28... Ng4 $142 29. Rh3 N4h6) 29. Rh3 {Threatening mate with Nxf6+.} Nh7 30. Qg4 Bf8 $2 ({Not} 30... Nxg5 31. Nf6+ Nxh3 32. Qh5+ Kg7 33. Qg6+ Kf8 34. Qxg8+ Ke7 35. Qg7+ Kd8 36. Qd7#) (30... Qc7 {might work better.} 31. Nf6 Re7) 31. Rd1 Bc8 {[#]} (31... Qc6 $142 32. Ng3 Bc8) 32. Nf4 $1 {[%mdl 576] Strongly threatening Qh5. Clearance} exf4 33. Qh5 {[%csl Gh3][%cal Rh5h7][%mdl 64] Double Attack} Qc7 34. Qxe8 Bxf5 35. Qxa8 Bxh3 36. gxh3 f3 {( -> ...Qg3)} 37. e5 Qg7 (37... Qxe5 $142 38. Qxf3 Qxg5 39. Bxh7 Qf6) 38. Bxh7 {Accuracy: White = 70%, Black = 30%.} 1-0

[Event "EICC 2019"]
[Site "Skopia"]
[Date "2019.03.27"]
[Round "9.14"]
[White "Postny, Evgeny"]
[Black "Ponomariov, Ruslan"]
[Result "0-1"]
[WhiteElo "2619"]
[BlackElo "2667"]
[Annotator "TA"]
[PlyCount "76"]
[EventDate "2019.03.18"]
[EventType "swiss"]
[EventCountry "MKD"]
[SourceTitle "playchess.com"]
[Source "ChessBase"]
[SourceQuality "1"]

{[%evp 9,76,24,20,20,27,24,37,35,32,5,29,41,41,38,40,0,40,31,31,33,25,0,0,0,0,0,9,-2,12,-8,0,-17,-4,-36,-39,-43,-9,-7,0,-21,-9,-21,-22,-14,-26,-44,-56,-55,-62,-83,-83,-77,-88,-80,-76,-107,-105,-104,-103,-119,-113,-196,-197,-257,-262,-320,-311,-328,-330]} 1. d4 Nf6 2. c4 e6 3. Nf3 d5 4. Nc3 a6 5. cxd5 exd5 6. Bg5 {D37: Queen's Gambit Declined: 5 Bf4} Be6 7. e3 Nbd7 8. Bd3 {White is slightly better.} h6 (8... Bd6 9. O-O c6 10. Qc2 Qc7 11. Rfe1 O-O 12. a3 Bg4 13. Bh4 Bh5 {0-1 (35) Mamedyarov,S (2817)-Maghsoodloo,P (2688) St Petersburg 2018}) 9. Bh4 g5 10. Bg3 Nh5 11. Be5 Nhf6 12. Bg3 Nh5 $1 13. Qc2 c6 14. O-O-O Qa5 15. Nd2 Nxg3 16. hxg3 {[#]} O-O-O $146 17. Nb3 Qc7 18. Na4 Kb8 19. Kb1 h5 20. Rc1 Be7 21. Qd2 h4 22. gxh4 Rxh4 23. g3 Rhh8 24. Qc3 Ka7 25. Nac5 Bg4 26. Rxh8 Rxh8 27. Nxb7 Kxb7 ({Not} 27... Qxb7 $2 28. Na5 $18) 28. Na5+ Ka8 {aiming for ...Nb8.} 29. Nxc6 Nb8 {And now ...Qxc6 would win.} 30. Nxe7 Qxe7 31. Qa5 {[#]} Qd6 $1 32. e4 Rc8 33. Rxc8 Bxc8 34. e5 Qe6 35. f3 (35. a3 $17 {was worth a try.}) 35... Bb7 $19 36. Qd2 (36. a3 $142) 36... Qb6 {Black has a decisive advantage.} 37. Bc2 Nc6 38. Qxg5 Qxd4 {Accuracy: White = 37%, Black = 87%.} 0-1

[Event "EICC 2019"]
[Site "Skopia"]
[Date "2019.03.27"]
[Round "9.15"]
[White "Berkes, Ferenc"]
[Black "Azarov, Sergei"]
[Result "1-0"]
[WhiteElo "2666"]
[BlackElo "2585"]
[Annotator "TA"]
[PlyCount "82"]
[EventDate "2019.03.18"]
[EventType "swiss"]
[EventCountry "MKD"]
[SourceTitle "playchess.com"]
[Source "ChessBase"]
[SourceQuality "1"]

{[%evp 12,82,-12,-37,3,0,13,14,12,15,24,29,20,12,18,20,65,65,65,65,69,69,93,93,121,95,91,65,77,75,225,58,58,58,94,78,112,77,98,98,138,138,145,145,145,145,343,212,244,247,259,258,239,254,263,260,250,247,320,335,327,314,319,299,651,620,720,737,716,708,1597,1452,29995]} 1. d4 Nf6 2. c4 e6 3. Nc3 Bb4 4. a3 Bxc3+ 5. bxc3 c5 6. f3 Nc6 7. e4 O-O {E24: Nimzo-Indian: Sämisch: Unusual Black 5th moves and 5...c5 sidelines} (7... d6 8. Ne2 e5 9. d5 Ne7 10. h4 h5 11. Ng3 Bd7 12. Bd2 Qc7 13. a4 O-O-O 14. a5 Rdf8 15. Bd3 Kb8 {½-½ (36) Yu,Y (2764)-Wojtaszek,R (2749) Shenzhen 2018}) 8. e5 Ne8 9. f4 b6 {The position is equal.} 10. Nf3 Ba6 11. Bd3 {Threatens to win with Bxh7+!} f5 12. d5 Na5 13. d6 $146 ({Predecessor:} 13. Qe2 d6 14. dxe6 dxe5 15. fxe5 {½-½ (83) Harikrishna,P (2563)-Werle,J (2404) Nakhchivan 2003}) 13... g6 14. Qe2 $36 {[%mdl 2048] White fights for an advantage.} Ng7 15. Be3 Qc8 16. O-O Qc6 17. a4 Rae8 18. h3 Qa8 19. Ra2 Bb7 20. Qe1 Ba6 (20... Nh5 $16) 21. Nd2 $2 (21. Qh4 $18) 21... Bb7 $14 22. Qf2 Bc6 23. Kh2 Qd8 24. Qe1 Rf7 25. Nf3 Rff8 {[#]} 26. Bf2 $1 Nh5 27. Bh4 Qa8 28. Qe3 h6 $2 (28... Ng7 $16 {was called for.} 29. Bg5 Qb7) 29. Raf2 Be4 {Threatening ...Bxd3.} 30. Be2 Rf7 31. Nd2 Ng7 32. g4 Kh7 33. Rg1 Rg8 34. Qg3 Bb7 35. Bf6 Qf8 36. Qh4 Rh8 37. Bf3 fxg4 $2 (37... Ba6 38. Be2 Bb7) 38. Bxb7 $18 {White is clearly winning.} Nxb7 39. Qxg4 Rxf6 {[#]} 40. Ne4 $1 {[%cal Re4f6]} ({Weaker is} 40. exf6 Qxf6 41. Nf3 Rg8 $16) 40... h5 41. Qg5 Qd8 {Accuracy: White = 67%, Black = 30%.} 1-0

[Event "EICC 2019"]
[Site "Skopia"]
[Date "2019.03.27"]
[Round "9.16"]
[White "Edouard, Romain"]
[Black "Huzman, Alexander"]
[Result "1/2-1/2"]
[WhiteElo "2658"]
[BlackElo "2582"]
[Annotator "TA"]
[PlyCount "113"]
[EventDate "2019.03.18"]
[EventType "swiss"]
[EventCountry "MKD"]
[SourceTitle "playchess.com"]
[Source "ChessBase"]
[SourceQuality "1"]

{[%evp 26,113,27,18,27,27,3,17,27,27,25,18,22,20,22,24,20,0,2,0,0,0,0,-4,-14,-6,0,0,0,0,-8,-4,0,-146,-13,-35,0,-19,-19,-286,-268,-260,-260,-256,-260,-355,-347,-285,-50,-81,0,0,0,-707,0,0,0,0,-1,-55,0,0,0,0,0,0,0,0,0,0,0,0,0,0,0,0,0,0,0,0,0,0,0,0,0,0,0,0,0,0]} 1. d4 Nf6 2. c4 g6 3. Nc3 d5 4. cxd5 Nxd5 5. e4 Nxc3 6. bxc3 Bg7 7. Nf3 c5 8. h3 O-O 9. Be2 Nc6 10. Be3 cxd4 {D85: Exchange Grünfeld: Unusual White 7th moves and lines with 7 Nf3} 11. cxd4 f5 12. Bc4+ Kh8 13. O-O fxe4 14. Ng5 {LiveBook: 6 Games} Nxd4 15. Nf7+ {[#]} Rxf7 $1 16. Bxf7 Qd6 17. Qd2 Bd7 {[#]} 18. Rad1 $146 {[%cal Re3d4]} ({Predecessor:} 18. Rab1) 18... e5 19. Rfe1 Bc6 20. Bb3 Qa3 21. Bh6 Rf8 22. Bxg7+ Kxg7 23. Qc3 a5 24. Rc1 a4 25. Bc4 Qe7 26. a3 Qf6 27. Qe3 Nf5 28. Qd2 Rd8 $36 {[%mdl 2048] Black has some pressure.} 29. Qe2 (29. Qb2 $11) 29... h5 (29... Qg5 $1 $17 30. Ba6 Rd2) 30. Red1 $11 Rf8 31. Bd5 {And now Bxc6 would win.} (31. Qd2 {looks sharper.} Nh4 32. Bf1 Nf5 33. Bc4) 31... Nd4 32. Rxd4 $4 {[%mdl 8192]} (32. Qxe4 $1 $11 {and White stays safe.} Bxd5 33. Qxd5 Ne2+ 34. Kh1 Nxc1 35. Rxc1) 32... exd4 $19 33. Bxc6 bxc6 34. Qxe4 {intending f3.} Qxf2+ $11 {[%mdl 4096] Endgame KQR-KQR} 35. Kh1 Qf4 36. Qxc6 Kh6 $2 (36... d3 $1 $19 {[%cal Rd3d2]} 37. Qc3+ Kh6) 37. Rd1 $15 {[#]} Qe3 (37... Qe5 $1 $17) 38. Qxa4 $11 d3 {Threatens to win with ...d2.} 39. Qb3 $2 {[%mdl 8192] [#]} (39. Qb4 $11 Rd8 40. a4) 39... Rd8 $2 ({Black should try} 39... Qe2 $1 $19 40. Qb1 d2) 40. Qc3 Qe2 41. Re1 {[#]} Rc8 $1 {[%mdl 512]} 42. Qa5 ({Better is} 42. Qa1 $11 Qd2 43. Rd1) (42. Qxc8 Qxe1+) 42... Qf2 (42... Qb2 $1 $15 43. h4 Qf6 44. Qd2+ Kh7) 43. Rd1 {The position is equal.} Qe3 {...Rc1 is the strong threat.} 44. Qb4 Rd8 45. a4 {[%cal Ba3a4,Ba4a5,Ba5a6,Ba6a7][%mdl 32]} d2 46. a5 Rd7 {White must now prevent ...Kh7.} 47. a6 Qe2 48. Qf4+ Kh7 49. Qa4 Re7 50. a7 Qe1+ 51. Kh2 Qe5+ 52. Kh1 Qg3 {( -> ...Re1+)} 53. Rg1 d1=Q 54. Rxd1 Re1+ 55. Rxe1 Qxe1+ 56. Kh2 Qe5+ 57. Kh1 {Precision: White = 60%, Black = 62%.} 1/2-1/2